| Tag |
First Indicator |
Second Indicator |
Subfields |
| LEADER |
00000cam a2200000 4500 |
| 001 |
in00000062840 |
| 005 |
20151008050636.0 |
| 008 |
790627s1963 okuab b 00010 eng d |
| 010 |
|
|
|a 63064027
|
| 035 |
|
|
|a (OCoLC)05114840
|
| 035 |
|
|
|9 AAG2329AM
|
| 040 |
|
|
|a AFU
|c AFU
|d TXA
|d UtOrBLW
|
| 049 |
|
|
|a TXAM [357527]
|
| 050 |
|
0 |
|a HC107.O5
|b O58 no.1
|
| 092 |
|
|
|a 330.9766
|b K64o
|
| 100 |
1 |
|
|a Klein, John J.,
|d 1929-
|
| 245 |
1 |
4 |
|a The Oklahoma economy /
|c by John J. Klein [and others].
|
| 264 |
|
1 |
|a Stillwater :
|b Dept. of Economics, College of Business, Oklahoma State University,
|c [1963]
|
| 300 |
|
|
|a xvii, 122 pages :
|b illustrations, maps. ;
|c 23 cm.
|
| 336 |
|
|
|a text
|b txt
|2 rdacontent
|
| 337 |
|
|
|a unmediated
|b n
|2 rdamedia
|
| 338 |
|
|
|a volume
|b nc
|2 rdacarrier
|
| 490 |
1 |
|
|a OSU College of Business. Economic research series, no.1
|
| 651 |
|
0 |
|a Oklahoma
|x Economic conditions.
|
| 830 |
|
0 |
|a Economic research series (Oklahoma State University. College of Business) ;
|v no. 1.
|
| 999 |
|
|
|a MARS
|
| 999 |
f |
f |
|s c4d05ad9-58a1-36b7-bd35-f9d2dbce64dd
|i 3f69e4a4-6c11-3db3-adf9-8aea73ec17e0
|t 0
|
| 952 |
f |
f |
|p ric
|a Texas A&M University
|b Rellis Campus
|c Joint Library Facility
|d Remote Storage
|t 0
|e HC107.O5 O58 no.1
|h Library of Congress classification
|i unmediated -- volume
|m A14800709821
|
| 998 |
f |
f |
|a HC107.O5 O58 no.1
|t 0
|l Remote Storage
|